000 00849nas a2200265 4500
001 BR9301468
003 BR-BrBNA
005 20231205093618.0
007 ta
008 230509b bl.|||p| |||| 00| 00por d
040 _aBR-BrBNA
_bpor
_cBiblioteca Nacional de Agricultura
041 _a(Pt)
072 _aF04
100 1 _aCarneiro, M.S.S.
100 1 _aViana, O.J.
245 1 _aMetodos de aplicacao de esterco bovino como adubo organico em palma gigante - (Opuntia ficus-indica (L.)Mill.)
650 _aFigueira da Barbaria
650 _aMateria Organica
650 _aEsterco de Gado
650 _aBovino
650 _aAdubacao
773 0 _tRevista da Sociedade Brasileira de Zootecnia (Brazil)
_xISSN 0100-4859
_g(Sep-Oct 1992), v. 21(5) p. 906-911
_wBR9301468
909 _a202311
_bLúcia
_c55
_dLúcia Elande
942 _2AGRIS
_n0
_cANA
999 _c139457
_d139457